00438nam a22001457a 4500020002000000082001200020100002400032245004000056260005600096300000800152650001600160942000700176952009200183999001700275 a978-0-8028-2792 a232 GRE aGreene, Colin J. D. aChristology in cultural perspective aMichigan, USAbWm. B. Eerdmans Publishing Co.c2004 a431 aChristology cBK 00104070aHMIbHMIcGENd2017-06-07l0o232 GREp11003494r2026-01-16w2026-01-16yBK c20457d20457